[Event "FRA-ch Blitz Online Qual"]
[Site "Europe Echecs INT"]
[Date "2020.05.16"]
[Round "1"]
[White "Daunay, Gabriel"]
[Black "Pottier, Simeon"]
[Result "0-1"]
[WhiteElo "1701"]
[BlackElo "2186"]
[PlyCount "56"]
[EventDate "2020.05.16"]
[EventType "swiss (blitz)"]
[EventRounds "15"]
[EventCountry "FRA"]
[SourceTitle "CBM 196 Extra"]
[Source "ChessBase"]
[SourceDate "2020.07.31"]
[SourceVersion "1"]
[SourceVersionDate "2020.07.31"]
[SourceQuality "1"]

1. e4 c5 2. Nf3 Nc6 3. Bb5 g6 4. 0-0 Bg7 5. Re1 Nf6 6. e5 Nd5 7. Nc3 Nc7 8. Bxc6 dxc6 9. Ne4 Ne6 10. d3 0-0 11. Be3 Nd4 12. Nxc5 Nf5 13. Bf4 b6 14. Ne4 c5 15. Qd2 Bb7 16. c3 Qd5 17. g4 Rad8 18. gxf5 gxf5 19. Neg5 h6 20. Re3 hxg5 21. Bxg5 f6 22. exf6 Bxf6 23. Bxf6 Rxf6 24. Kf1 f4 25. Rxe7 Qxf3 26. Rg7+ Kxg7 27. Rc1 Rg6 28. Qe2 Rg1+ 0-1